| 000 | 01970nam a2200313Ia 4500 | ||
|---|---|---|---|
| 999 |
_c36818 _d36818 |
||
| 001 | 2761 | ||
| 003 | GE_BSU | ||
| 005 | 20190607211604.0 | ||
| 008 | 181216s||||||||ge |||||||||||||| ||geo|| | ||
| 020 | _a9789941412622 | ||
| 040 | _cGE_BSU | ||
| 041 | _ageo | ||
| 080 | _a81/82+1+2+3+7 ჰ–92 | ||
| 245 |
_aჰუმანიტარული მეცნიერებები ინფორმაციულ საზოგადოებაში = Humanities in the information society : _bწ. 2. საერთაშორისო კონფერენციის მასალები / _cშ. რუსთაველის სახელმწ. უნ-ტის ჰუმანიტ. მეცნ. ფაკ-ტი ; რედ. მარინა გიორგაძე. |
||
| 264 |
_aბათუმი : _bშ. რუსთაველის სახელმწ. უნ-ტის გამ-ბა, _c2010. |
||
| 300 |
_a591 გვ.; _b29 სმ. |
||
| 504 | _aბიბლიოგრ. სტატიების ბოლოს. | ||
| 520 | _aრეზ. ქართ., ინგლ. | ||
| 546 | _aმოხსენებების ნაწ. რუს. და ინგლ. | ||
| 653 | _aლიტერატურის რეცეფცია | ||
| 653 | _aთარგმანის თეორია | ||
| 700 |
_aფანჯიკიძე, დ. _eავტორი _92310 |
||
| 700 |
_aჯანელიძე, ნ. _eავტორი _92311 |
||
| 700 |
_aნოზაძე, ლ. _eავტორი _92312 |
||
| 700 |
_aდიასამიძე, ვიქტორია _eავტორი _92313 |
||
| 700 |
_aსირაძე, თამარ და სხვ. _eავტორი _92314 |
||
| 710 |
_aბათუმი შოთა რუსთაველის უნივერსიტეტი; _bჰუმანიტარულ მეცნ. ფაკ-ტი _92315 |
||
| 942 |
_cBK _2udc |
||